[Event "European Youth Chess Championship B14"]
[Site "Prague, Top Hotel Prague"]
[Date "2016.08.21"]
[Round "4.48"]
[White "Isfan, Ioan-Marius"]
[Black "Colonetti, Fabio"]
[Result "1/2-1/2"]
[WhiteElo "2011"]
[BlackElo "1833"]
[PlyCount "82"]
[EventDate "2016.08.18"]

1. d4 d5 2. Bg5 Nd7 3. e3 Ngf6 4. c4 e6 5. Nc3 c6 6. Nf3 h6 7. Bh4 Be7 8. Qb3
O-O 9. Be2 Qc7 10. O-O b6 11. cxd5 exd5 12. Rac1 Qd8 13. Rfd1 Ne4 14. Bxe7 Qxe7
15. Nxe4 dxe4 16. Nd2 Bb7 17. a3 Kh8 18. Nc4 f5 19. Na5 Nb8 20. Nxb7 Qxb7 21.
Qe6 Kh7 22. b4 Rf6 23. Qb3 Nd7 24. b5 c5 25. dxc5 Nxc5 26. Qd5 Rb8 27. Qe5 Rbf8
28. Bc4 Qb8 29. Qxb8 Rxb8 30. Rd4 Rff8 31. Rcd1 Rb7 32. h4 Re8 33. h5 g6 34.
hxg6+ Kxg6 35. Rd6+ Kg5 36. g3 Ree7 37. Kg2 Rbd7 38. f4+ exf3+ 39. Kxf3 Rxd6
40. Rxd6 Rd7 41. Rd4 Re7 1/2-1/2

[Event "European Youth Chess Championship B14"]
[Site "Prague, Top Hotel Prague"]
[Date "2016.08.21"]
[Round "4.49"]
[White "Pavlik, Vladimir"]
[Black "Veiga, Jose Francisco R P N"]
[Result "1-0"]
[WhiteElo "1749"]
[BlackElo "2001"]
[PlyCount "87"]
[EventDate "2016.08.18"]

 1. d4 Nf6 2. c4 g6 3. g3 Bg7 4. Bg2 O-O 5.
Nc3 d6 6. Nf3 c6 7. O-O Qc7 8. e3 e5 9. Qb3 h6 10. Rd1 Be6 11. d5 Bg4 12. h3
Bc8 13. Nd2 c5 14. Qc2 a6 15. a3 Nh5 16. b4 b6 17. Rb1 f5 18. bxc5 bxc5 19. Nb3
Bd7 20. h4 g5 21. hxg5 hxg5 22. Qe2 Nf6 23. f4 gxf4 24. exf4 e4 25. Bh3 Kf7 26.
Qf2 Rg8 27. Be3 Nh5 28. Ne2 Bf6 29. Kh2 a5 30. Bxc5 dxc5 31. Nxc5 Na6 32. Nxd7
Qxd7 33. c5 Rab8 34. c6 Qd6 35. Qa7+ Be7 36. Qxa6 Nxg3 37. Rxb8 Qxb8 38. c7
Qxc7 39. Qe6+ Kf8 40. d6 Bxd6 41. Rxd6 Nxe2 42. Qf6+ Ke8 43. Re6+ Kd7 44. Re7+
1-0

[Event "European Youth Chess Championship B14"]
[Site "Prague, Top Hotel Prague"]
[Date "2016.08.21"]
[Round "4.50"]
[White "Matus, Filip"]
[Black "Kreutzmann, Duke"]
[Result "0-1"]
[WhiteElo "1700"]
[BlackElo "1975"]
[PlyCount "106"]
[EventDate "2016.08.18"]

1. e4 e6 2. d4 d5 3. Nd2 c5 4. exd5 exd5 5. Ngf3 Nc6 6. Bb5 Qe7+ 7. Qe2 Qxe2+
8. Kxe2 a6 9. Bxc6+ bxc6 10. Re1 f6 11. Kf1+ Kf7 12. dxc5 Bxc5 13. Nb3 Bd6 14.
Be3 Bg4 15. Bc5 Bxc5 16. Nxc5 Bxf3 17. gxf3 Ne7 18. Re2 Ra7 19. Rae1 Nf5 20. c3
g5 21. Re6 Rc8 22. Kg2 h5 23. Nd3 c5 24. R6e2 a5 25. Rd2 d4 26. cxd4 cxd4 27.
Red1 Rac7 28. b3 Rc2 29. Nb2 R8c3 30. Nd3 Rxd3 31. Rxd3 Ne3+ 32. Kg1 Nxd1 33.
Rxd1 Rxa2 34. Rxd4 Ra3 35. Rd7+ Ke6 36. Rb7 Ke5 37. Kg2 Kf4 38. Rb6 f5 39. h3
h4 40. Rb5 g4 41. fxg4 fxg4 42. hxg4 Kxg4 43. f3+ Kf4 44. Kh3 Ra1 45. Rb8 Kxf3
46. Kxh4 Kf4 47. Kh3 Ke5 48. Rb5+ Kd6 49. b4 a4 50. Ra5 Kc6 51. Kg2 a3 52. Kf2
a2 53. Ke2 Rh1 0-1

[Event "European Youth Chess Championship B14"]
[Site "Prague, Top Hotel Prague"]
[Date "2016.08.21"]
[Round "4.51"]
[White "Buitron, Ramil David"]
[Black "Kuznecovs, Nikita"]
[Result "1-0"]
[WhiteElo "1949"]
[BlackElo "1809"]
[PlyCount "61"]
[EventDate "2016.08.18"]

1. e4 e6 2. d4 d5 3. Nc3 Bb4 4. e5 Ne7 5. a3 Bxc3+ 6. bxc3 c5 7. Nf3 b6 8. Bb5+
Bd7 9. Bd3 h6 10. h4 Ba4 11. h5 c4 12. Be2 Kd7 13. Be3 Qg8 14. Qd2 Qh7 15. Rc1
Nbc6 16. Ng1 a5 17. Rh3 b5 18. Rf3 Rhb8 19. Rxf7 b4 20. axb4 axb4 21. cxb4 Nxb4
22. Bd1 Ke8 23. Rf3 c3 24. Qxc3 Na2 25. Qc5 Rc8 26. Qb6 Nxc1 27. Bxc1 Rxc2 28.
Ba3 Qe4+ 29. Ne2 Rac8 30. Qb4 Nf5 31. Rxf5 1-0

[Event "European Youth Chess Championship B14"]
[Site "Prague, Top Hotel Prague"]
[Date "2016.08.21"]
[Round "4.52"]
[White "Berera, Siddharth"]
[Black "Lomandong, Marc-Antoine"]
[Result "0-1"]
[WhiteElo "1676"]
[BlackElo "1918"]
[PlyCount "62"]
[EventDate "2016.08.18"]

1. e4 g6 2. d4 Bg7 3. Nf3 c6 4. c4 d6 5. Be2 Bg4 6. Nc3 Nd7 7. Be3 Bxf3 8. Bxf3
Ngf6 9. Qd2 e5 10. d5 cxd5 11. Nxd5 Nc5 12. Nxf6+ Bxf6 13. Rd1 Be7 14. b4 Ne6
15. O-O O-O 16. Qb2 Qc7 17. Be2 Bg5 18. Bxg5 Nxg5 19. Qc2 Ne6 20. Rd3 Rac8 21.
Rc1 Nf4 22. Ra3 Qb6 23. Qd2 Nxe2+ 24. Qxe2 Qxb4 25. Rd3 b5 26. c5 Rxc5 27. Rxc5
dxc5 28. Qd1 c4 29. Rd8 Rxd8 30. Qxd8+ Kg7 31. Qd1 c3 0-1

[Event "European Youth Chess Championship B14"]
[Site "Prague, Top Hotel Prague"]
[Date "2016.08.21"]
[Round "4.53"]
[White "Petr, Jakub"]
[Black "Mao, Ximan"]
[Result "1-0"]
[WhiteElo "1917"]
[BlackElo "1731"]
[PlyCount "97"]
[EventDate "2016.08.18"]

1. e4 Nf6 2. e5 Nd5 3. d4 d6 4. c4 Nb6 5. f4 g6 6. Nc3 Bg7 7. Nf3 O-O 8. Be3
Be6 9. b3 c5 10. dxc5 N6d7 11. cxd6 exd6 12. Qxd6 Nxe5 13. Qxd8 Nxf3+ 14. gxf3
Rxd8 15. Rc1 Nc6 16. Be2 Nb4 17. Kf2 Bf5 18. Nd5 Nxd5 19. cxd5 Rxd5 20. Rc7 Bf6
21. Bc4 Rd7 22. Rxd7 Bxd7 23. Rd1 Bf5 24. a4 a6 25. Rd6 Bh4+ 26. Ke2 Rd8 27.
Rxd8+ Bxd8 28. Bd5 Be6 29. Bxb7 Bxb3 30. Bc6 Bf6 31. Kd3 Kg7 32. Bd4 Bxd4 33.
Kxd4 Bxa4 34. Bxa4 Kf6 35. Ke4 h6 36. h4 Ke6 37. Bb3+ Kf6 38. Bc4 a5 39. Bb3 h5
40. Ba4 Ke6 41. f5+ gxf5+ 42. Kf4 Kf6 43. Bc2 Ke6 44. Bxf5+ Kd6 45. Bc2 Kc5 46.
Kg5 Kb4 47. Kxh5 Kc3 48. Ba4 Kb4 49. Be8 1-0

[Event "European Youth Chess Championship B14"]
[Site "Prague, Top Hotel Prague"]
[Date "2016.08.21"]
[Round "4.54"]
[White "Kopec, Ladislav"]
[Black "Lund, Gunnar"]
[Result "0-1"]
[WhiteElo "1697"]
[BlackElo "1913"]
[PlyCount "142"]
[EventDate "2016.08.18"]

1. e4 e5 2. Nf3 Nc6 3. Bb5 f5 4. d3 fxe4 5. dxe4 Nf6 6. O-O d6 7. Qe2 Be7 8.
Qc4 Bd7 9. Nc3 Na5 10. Bxd7+ Qxd7 11. Qe2 O-O 12. h3 Nc6 13. Be3 Kh8 14. Rad1
Nd8 15. Qc4 c6 16. Nxe5 Qc8 17. Nf3 b5 18. Qd3 Ne6 19. e5 dxe5 20. Nxe5 Qc7 21.
f4 Nc5 22. Bxc5 Bxc5+ 23. Kh1 Nh5 24. Ne2 Nxf4 25. Rxf4 Qxe5 26. Rxf8+ Rxf8 27.
Nc3 Bd6 28. g3 Qxg3 29. Qxg3 Bxg3 30. Rd7 a5 31. Ra7 a4 32. Ra6 Rc8 33. Ne4 Be5
34. c3 h6 35. Nc5 Kh7 36. Kg2 Kg6 37. Kf3 Kf5 38. Ra7 Rc7 39. Ra8 Bf6 40. Ra5
Kg6 41. Kg4 h5+ 42. Kf4 Rf7 43. Kg3 Be5+ 44. Kg2 Kf5 45. Ra6 Rf6 46. Ra7 Rd6
47. Rf7+ Kg6 48. Rf2 a3 49. bxa3 Bxc3 50. Ne4 Rd3 51. Rc2 Bf6 52. Rxc6 Rxa3 53.
Rc2 b4 54. Nc5 Rc3 55. Rxc3 bxc3 56. Nd3 c2 57. Kf3 Bg5 58. a4 c1=Q 59. Nxc1
Bxc1 60. a5 Ba3 61. a6 Bc5 62. Ke4 Kg5 63. Kd5 Bf2 64. Kc6 Kh4 65. Kb7 Kxh3 66.
a7 Bxa7 67. Kxa7 g5 68. Kb6 g4 69. Kc5 g3 70. Kd4 g2 71. Ke3 g1=Q+ 0-1

[Event "European Youth Chess Championship B14"]
[Site "Prague, Top Hotel Prague"]
[Date "2016.08.21"]
[Round "4.55"]
[White "Antonioudakis, Dimitrios"]
[Black "Bystritskiy, Daniil"]
[Result "0-1"]
[WhiteElo "1187"]
[BlackElo "1906"]
[PlyCount "76"]
[EventDate "2016.08.18"]

1. e4 c5 2. Nf3 Nc6 3. d4 cxd4 4. Nxd4 e5 5. Nb3 d6 6. Nc3 Be7 7. g3 f5 8. Bg2
Nf6 9. Bg5 O-O 10. Bxf6 Bxf6 11. Qe2 Re8 12. O-O-O Nd4 13. Qd2 Rb8 14. Rhe1
fxe4 15. Bxe4 Bg4 16. Qd3 Bxd1 17. Rxd1 g6 18. h4 Qd7 19. Nd5 Bh8 20. Rh1 Qb5
21. c4 Rbc8 22. Nd2 Qd7 23. h5 g5 24. h6 Qf7 25. f4 Ne6 26. Kb1 Nc5 27. Qc2
Nxe4 28. Qxe4 exf4 29. Qd3 fxg3 30. Qxg3 Qf5+ 31. Ka1 Qe5 32. Qxe5 Bxe5 33. Rg1
Kf7 34. Rxg5 Rg8 35. Rf5+ Ke6 36. Rf1 Rcf8 37. Rc1 Rg2 38. Ne4 Bxb2+ 0-1

[Event "European Youth Chess Championship B14"]
[Site "Prague, Top Hotel Prague"]
[Date "2016.08.21"]
[Round "4.56"]
[White "Balin, Daniel"]
[Black "Gloser, David"]
[Result "0-1"]
[WhiteElo "1567"]
[BlackElo "1900"]
[PlyCount "68"]
[EventDate "2016.08.18"]

1. e4 c6 2. d4 d5 3. exd5 cxd5 4. Bd3 Nc6 5. c3 Nf6 6. h3 g6 7. Nf3 Bf5 8. O-O
e6 9. Re1 Bg7 10. Bf4 Qb6 11. Bxf5 gxf5 12. Qe2 O-O 13. Ne5 Nxe5 14. Bxe5 Kh8
15. Qc2 Rg8 16. Nd2 Ne4 17. Nf3 Bxe5 18. Nxe5 Rg7 19. f3 Ng3 20. Kh2 Rag8 21.
Rg1 Qc7 22. f4 f6 23. Nd3 Qf7 24. Rae1 Ne4 25. Re3 Qh5 26. Nc5 Qh4 27. Nxe6 Rg3
28. Re2 Re8 29. Nc5 Qxf4 30. Kh1 Reg8 31. Nxb7 Qc7 32. Nc5 Rxc3 33. bxc3 Ng3+
34. Kh2 Nf1+ 0-1

[Event "European Youth Chess Championship B14"]
[Site "Prague, Top Hotel Prague"]
[Date "2016.08.21"]
[Round "4.57"]
[White "Gherghel-Butan, Mircea"]
[Black "Matis, Tibor"]
[Result "1-0"]
[WhiteElo "1892"]
[BlackElo "1709"]
[PlyCount "41"]
[EventDate "2016.08.18"]

1. d4 Nf6 2. Nf3 e6 3. c4 c5 4. e3 g6 5. Nc3 Bg7 6. Be2 cxd4 7. exd4 O-O 8. O-O
d5 9. c5 b6 10. b4 Nc6 11. b5 Ne7 12. Rb1 bxc5 13. dxc5 Nd7 14. Na4 e5 15. Ba3
Re8 16. Qb3 e4 17. Nd2 Nf5 18. Qxd5 Qa5 19. Qxa8 Qxa4 20. b6 Nf6 21. Qxa7 1-0

[Event "European Youth Chess Championship B14"]
[Site "Prague, Top Hotel Prague"]
[Date "2016.08.21"]
[Round "4.59"]
[White "Lavorgna, Francesco"]
[Black "Novotny, Martin"]
[Result "0-1"]
[WhiteElo "1887"]
[BlackElo "1557"]
[PlyCount "150"]
[EventDate "2016.08.18"]

1. c4 e5 2. Nc3 Nc6 3. g3 g6 4. Nf3 Bg7 5. Bg2 d6 6. O-O Nf6 7. d3 O-O 8. a3 a6
9. Rb1 Rb8 10. b4 Be6 11. Ng5 Bd7 12. b5 axb5 13. cxb5 Nd4 14. e3 Ne6 15. Nxe6
Bxe6 16. d4 exd4 17. exd4 d5 18. Re1 Qd7 19. a4 Rfe8 20. Ba3 Bf5 21. Ra1 Ne4
22. Bb2 b6 23. Nxe4 dxe4 24. Qb3 Rbd8 25. Rad1 Re6 26. Qc4 c5 27. bxc6 Rxc6 28.
Qb3 Be6 29. Qe3 f5 30. Bf1 Rd6 31. Bb5 Qf7 32. Kg2 Bc4 33. Bc3 Bxb5 34. axb5
Qc4 35. Rb1 Bxd4 36. Bxd4 Qxd4 37. Qb3+ Qd5 38. Qc3 e3+ 39. f3 Qd2+ 40. Qxd2
Rxd2+ 41. Kg1 R2d3 42. Rb2 g5 43. Rb4 Kf7 44. h4 h6 45. Kf1 Kf6 46. Rc4 R8d6
47. Ke2 Rd2+ 48. Kf1 Rf2+ 49. Kg1 Rxf3 50. Kg2 Rf2+ 51. Kg1 Rb2 52. Rc6 Rxc6
53. bxc6 Rc2 54. Rxe3 Rxc6 55. hxg5+ hxg5 56. Rb3 Ke5 57. Kf2 f4 58. Rb5+ Kd4
59. Rxg5 fxg3+ 60. Kxg3 Rc5 61. Rg8 b5 62. Kf3 Kc3 63. Ke2 Rd5 64. Rc8+ Kb3 65.
Rb8 b4 66. Ra8 Kb2 67. Rb8 b3 68. Ra8 Kb1 69. Rb8 b2 70. Ke1 Kc2 71. Rc8+ Kb3
72. Rb8+ Kc3 73. Rc8+ Kb4 74. Ke2 b1=Q 75. Rb8+ Rb5 0-1

[Event "European Youth Chess Championship B14"]
[Site "Prague, Top Hotel Prague"]
[Date "2016.08.21"]
[Round "4.61"]
[White "Martins, Bruno Andre Leite"]
[Black "Marko, Pirro"]
[Result "1-0"]
[WhiteElo "1878"]
[BlackElo "1441"]
[PlyCount "59"]
[EventDate "2016.08.18"]

1. e4 c5 2. Nf3 e6 3. Nc3 Nf6 4. e5 Nd5 5. Nxd5 exd5 6. g3 d6 7. exd6 Bxd6 8.
d4 O-O 9. Bg2 Bg4 10. O-O Nc6 11. c3 cxd4 12. Qa4 Qf6 13. Nxd4 Nxd4 14. Qxd4
Qxd4 15. cxd4 Be6 16. f4 f6 17. Re1 Bf7 18. Bd2 Rfe8 19. Rac1 Rac8 20. Rxe8+
Rxe8 21. a3 a6 22. Bb4 Bb8 23. Bc5 Bc7 24. Ba7 Bd6 25. Bh3 Be6 26. Bxe6+ Rxe6
27. Rc8+ Kf7 28. Bc5 Re1+ 29. Kf2 Rc1 30. b4 1-0

[Event "European Youth Chess Championship B14"]
[Site "Prague, Top Hotel Prague"]
[Date "2016.08.21"]
[Round "4.62"]
[White "Vorisek, Jakub"]
[Black "Sjoberg, Isak"]
[Result "0-1"]
[WhiteElo "1813"]
[BlackElo "1893"]
[PlyCount "66"]
[EventDate "2016.08.18"]

1. e4 e5 2. Nf3 Nc6 3. Bc4 Nf6 4. d4 exd4 5. O-O Bc5 6. e5 d5 7. exf6 dxc4 8.
Re1+ Be6 9. Ng5 Qd5 10. Nc3 Qf5 11. g4 Qg6 12. Nce4 Bb6 13. f4 d3+ 14. Be3
Bxe3+ 15. Rxe3 O-O-O 16. f5 Bxf5 17. gxf5 Qxf5 18. Kh1 dxc2 19. Qxc2 Qd5 20.
Ree1 Nd4 21. Qf2 Rhe8 22. Qg2 h6 23. Nh3 g5 24. Rad1 Kb8 25. Nc3 Qc5 26. Re4
Ne6 27. Rde1 a6 28. Qf1 Rd3 29. Qg2 Red8 30. Re5 Qb6 31. Nd5 Qd6 32. Ne7 Rd1
33. Nf5 Qxe5 0-1

[Event "European Youth Chess Championship B14"]
[Site "Prague, Top Hotel Prague"]
[Date "2016.08.21"]
[Round "4.63"]
[White "Nemec, David"]
[Black "Van, Malder Dries"]
[Result "1-0"]
[WhiteElo "1721"]
[BlackElo "1883"]
[PlyCount "81"]
[EventDate "2016.08.18"]

1. d4 Nf6 2. Nf3 e6 3. Bg5 c5 4. e3 Nc6 5. Nbd2 d5 6. c3 Be7 7. Bd3 O-O 8. O-O
b6 9. Ne5 Nxe5 10. dxe5 Nd7 11. Bxe7 Qxe7 12. f4 g6 13. g4 f6 14. exf6 Nxf6 15.
g5 Nh5 16. Nf3 Bb7 17. Be2 Ng7 18. Bd3 Nf5 19. Bxf5 exf5 20. Ne5 Rfd8 21. Qb3
Kg7 22. Rad1 Rd6 23. Rf2 Rad8 24. Rfd2 Re6 25. c4 Rxe5 26. fxe5 dxc4 27. Qc3
Qxg5+ 28. Kf1 Bg2+ 29. Kf2 Qh4+ 30. Kg1 Qg4 31. e6+ Kh6 32. Qe5 Bh3+ 33. Qg3
Qxd1+ 34. Rxd1 Rxd1+ 35. Kf2 Bg4 36. e7 Rd2+ 37. Kg1 Rd1+ 38. Kg2 Rd2+ 39. Qf2
Bh3+ 40. Kg3 Rxf2 41. Kxf2 1-0

[Event "European Youth Chess Championship B14"]
[Site "Prague, Top Hotel Prague"]
[Date "2016.08.21"]
[Round "4.64"]
[White "Zaza, Alexandre"]
[Black "Maziukas, Kasparas"]
[Result "1-0"]
[WhiteElo "1834"]
[BlackElo "1596"]
[PlyCount "57"]
[EventDate "2016.08.18"]

1. e4 c6 2. d4 d5 3. exd5 cxd5 4. Bd3 Nc6 5. c3 Qc7 6. h3 g6 7. Qc2 Bg7 8. Nf3
Nf6 9. O-O O-O 10. Re1 Nh5 11. a4 e5 12. dxe5 Nxe5 13. Nxe5 Bxe5 14. Bh6 Re8
15. Nd2 Be6 16. Nf3 Bg7 17. Bxg7 Kxg7 18. Nd4 Nf4 19. Re3 Re7 20. Rae1 a6 21.
Bf1 Rae8 22. Qd2 Qd7 23. Re5 Nh5 24. Rxh5 gxh5 25. Qg5+ Kf8 26. Qf6 Kg8 27. Re5
h6 28. Qxh6 Bf5 29. Nxf5 1-0

[Event "European Youth Chess Championship B14"]
[Site "Prague, Top Hotel Prague"]
[Date "2016.08.21"]
[Round "4.65"]
[White "Djian, Lenny"]
[Black "Nehyba, Martin"]
[Result "0-1"]
[WhiteElo "1503"]
[BlackElo "1824"]
[PlyCount "70"]
[EventDate "2016.08.18"]

1. d4 Nf6 2. c4 e5 3. dxe5 Ng4 4. e3 Nxe5 5. Nh3 Bb4+ 6. Bd2 Bxd2+ 7. Qxd2 d6
8. Nf4 Nbc6 9. Be2 O-O 10. Nc3 Be6 11. b3 Ng6 12. Bf3 Nxf4 13. exf4 Qd7 14. O-O
Rfe8 15. Rfe1 Bf5 16. Nd5 Re6 17. Rxe6 Bxe6 18. Re1 Re8 19. a3 Kf8 20. Kf1 Bxd5
21. Rxe8+ Qxe8 22. Qxd5 Qe6 23. Qxe6 fxe6 24. Bxc6 bxc6 25. Ke2 d5 26. Kd3 Ke7
27. Kd4 Kf6 28. b4 Kf5 29. b5 cxb5 30. cxd5 exd5 31. Kxd5 a5 32. Kc5 c6 33. Kd4
Kxf4 34. f3 b4 35. axb4 axb4 0-1

[Event "European Youth Chess Championship B14"]
[Site "Prague, Top Hotel Prague"]
[Date "2016.08.21"]
[Round "4.66"]
[White "Gatt, Matthias"]
[Black "Fossan, Aleksander"]
[Result "0-1"]
[WhiteElo "1475"]
[BlackElo "1834"]
[PlyCount "66"]
[EventDate "2016.08.18"]

1. c4 c5 2. g3 g6 3. Nc3 Bg7 4. Bg2 Nc6 5. Nf3 e5 6. d3 Nge7 7. O-O O-O 8. Be3
d6 9. Qc1 Nf5 10. Bd2 Rb8 11. e4 Nfd4 12. Nxd4 Nxd4 13. Bh6 a6 14. Bxg7 Kxg7
15. Qd2 b5 16. b3 f5 17. f3 f4 18. g4 h5 19. h3 hxg4 20. hxg4 Rh8 21. Ne2 Qh4
22. Nxd4 Qh2+ 23. Kf2 Qg3+ 24. Kg1 cxd4 25. cxb5 axb5 26. Rac1 Bxg4 27. fxg4
Qh2+ 28. Kf2 f3 29. Rc7+ Kg8 30. Ke1 fxg2 31. Qf2 gxf1=Q+ 32. Qxf1 Rf8 33. Rc8
Rxc8 0-1

[Event "European Youth Chess Championship B14"]
[Site "Prague, Top Hotel Prague"]
[Date "2016.08.21"]
[Round "4.67"]
[White "Ocko, Dominik"]
[Black "Jamalov, Adam"]
[Result "1-0"]
[WhiteElo "1784"]
[BlackElo "1597"]
[PlyCount "47"]
[EventDate "2016.08.18"]

1. d4 d5 2. Nc3 Nf6 3. Bf4 c6 4. e3 e6 5. Nf3 Qb6 6. Rb1 Nbd7 7. Bd3 c5 8. O-O
cxd4 9. exd4 Be7 10. Nb5 O-O 11. Nc7 Rb8 12. Nb5 Ra8 13. Re1 a6 14. Nc3 Qa7 15.
Ne2 Ne4 16. Bxe4 dxe4 17. Ng5 Nf6 18. Be5 Rd8 19. Bxf6 Bxf6 20. Nxe4 Bxd4 21.
Nxd4 Rxd4 22. Qf3 f5 23. Ng5 Qb6 24. Qxf5 1-0

[Event "European Youth Chess Championship B14"]
[Site "Prague, Top Hotel Prague"]
[Date "2016.08.21"]
[Round "4.68"]
[White "Stage-Steffensen, Sander"]
[Black "Cernicek, Matyas"]
[Result "1-0"]
[WhiteElo "1688"]
[BlackElo "1461"]
[PlyCount "63"]
[EventDate "2016.08.18"]

1. e4 e6 2. d3 d5 3. Nd2 c5 4. Ngf3 Nc6 5. g3 Nf6 6. Bg2 Be7 7. O-O O-O 8. Re1
b5 9. h4 a5 10. e5 Nd7 11. Nf1 b4 12. N1h2 Ba6 13. Bf4 Rb8 14. Qd2 c4 15. b3
Nc5 16. Bf1 cxb3 17. axb3 Bb5 18. Ng4 a4 19. bxa4 Nxa4 20. Bh3 Nc3 21. Ngh2 Ba4
22. g4 Qc7 23. g5 Ra8 24. h5 Na5 25. g6 b3 26. Ng5 Bxg5 27. Bxg5 b2 28. Rxa4
Nxa4 29. gxh7+ Kxh7 30. Bf6 gxf6 31. Ng4 Qe7 32. Qh6+ 1-0

[Event "European Youth Chess Championship B14"]
[Site "Prague, Top Hotel Prague"]
[Date "2016.08.21"]
[Round "4.69"]
[White "Kriz, Tomas"]
[Black "Petrovic, Lazar"]
[Result "1-0"]
[WhiteElo "1404"]
[BlackElo "1650"]
[PlyCount "137"]
[EventDate "2016.08.18"]

1. d4 d5 2. c4 e6 3. Nc3 Nf6 4. cxd5 exd5 5. Bf4 Be7 6. e3 O-O 7. Bd3 c6 8. h3
c5 9. dxc5 Bxc5 10. Nf3 Nc6 11. Bg5 d4 12. Ne4 Qa5+ 13. Ned2 dxe3 14. Bxe3 Bxe3
15. fxe3 Re8 16. O-O Be6 17. Nb3 Bxb3 18. Qxb3 Qb6 19. Qxb6 axb6 20. Kf2 Ne4+
21. Bxe4 Rxe4 22. Nd2 Re6 23. Nc4 b5 24. Na3 Na7 25. Rad1 Rae8 26. Rd3 b4 27.
Nc2 Nc6 28. Rfd1 Ne5 29. Rd8 Nc6 30. Rxe8+ Rxe8 31. Ke2 Kf8 32. Nd4 g6 33. Nxc6
bxc6 34. Rd2 Ke7 35. Rd4 Rb8 36. Kd3 c5 37. Rd5 Ra8 38. Rxc5 Rxa2 39. Rc2 b3
40. Re2 Ra7 41. Kc3 Rb7 42. Rd2 Rb6 43. Rd4 Re6 44. e4 Re5 45. Kxb3 Rg5 46. Rd2
Rg3+ 47. Kc4 Ke6 48. Re2 Kd6 49. b4 Kc6 50. Rf2 Re3 51. Rf6+ Kb7 52. Rxf7+ Kb6
53. Rf6+ Kc7 54. Rf4 g5 55. Rg4 h6 56. g3 Kb6 57. h4 gxh4 58. gxh4 h5 59. Rf4
Re1 60. Kd5 Rd1+ 61. Ke6 Rd4 62. Kf5 Rxb4 63. e5 Rb5 64. Kf6 Kc5 65. e6 Rb6 66.
Rf5+ Kd6 67. Rxh5 Rb7 68. Rf5 Re7 69. Rd5+ 1-0

[Event "European Youth Chess Championship B14"]
[Site "Prague, Top Hotel Prague"]
[Date "2016.08.21"]
[Round "4.70"]
[White "Manca, Luigi"]
[Black "Winkin, Pol"]
[Result "1/2-1/2"]
[WhiteElo "1608"]
[BlackElo "1391"]
[PlyCount "40"]
[EventDate "2016.08.18"]

1. e4 e5 2. Nf3 Nc6 3. Bc4 Bc5 4. c3 Nf6 5. d3 d6 6. b4 Bb6 7. a4 a6 8. a5 Ba7
9. Qb3 Qe7 10. Ba3 O-O 11. O-O h6 12. Nbd2 Re8 13. Rfd1 Ng4 14. Rf1 Be6 15.
Bxe6 Qxe6 16. h3 Qxb3 17. Nxb3 Nf6 18. Kh1 d5 19. Nfd2 dxe4 20. dxe4 Rad8
1/2-1/2

[Event "European Youth Chess Championship B14"]
[Site "Prague, Top Hotel Prague"]
[Date "2016.08.22"]
[Round "5.1"]
[White "Zarubitski, Viachaslau"]
[Black "Salemgareev, Tagir"]
[Result "1-0"]
[WhiteElo "2300"]
[BlackElo "2293"]
[PlyCount "63"]
[EventDate "2016.08.18"]

1. e4 c5 2. Nf3 d6 3. d4 cxd4 4. Nxd4 Nf6 5. Nc3 g6 6. Be3 Bg7 7. Be2 O-O 8.
O-O Nc6 9. Qd2 Bd7 10. f3 Nxd4 11. Bxd4 a6 12. a4 Qa5 13. Rfd1 Rfc8 14. Kh1 Qb4
15. a5 e5 16. Bf2 Qxb2 17. Be1 Qb4 18. Rdb1 Qc5 19. Rxb7 Be6 20. Na4 Qxc2 21.
Nb6 Qc6 22. Nxc8 Qxb7 23. Nxd6 Qe7 24. Nc4 Rd8 25. Qe3 Ne8 26. Nb6 Qa7 27. Rc1
Bf8 28. Qc3 Bd6 29. Qc6 Nc7 30. Bh4 Re8 31. Qxd6 Nb5 32. Qxe5 1-0

[Event "European Youth Chess Championship B14"]
[Site "Prague, Top Hotel Prague"]
[Date "2016.08.22"]
[Round "5.2"]
[White "Sargsyan, Shant"]
[Black "Esipenko, Andrey"]
[Result "1/2-1/2"]
[WhiteElo "2441"]
[BlackElo "2490"]
[PlyCount "110"]
[EventDate "2016.08.18"]

1. d4 d5 2. c4 c6 3. Nc3 Nf6 4. e3 e6 5. Nf3 Nbd7 6. Qc2 Bd6 7. Bd3 O-O 8. O-O
dxc4 9. Bxc4 b5 10. Be2 Bb7 11. e4 e5 12. dxe5 Nxe5 13. Nd4 Neg4 14. g3 Re8 15.
Nf5 Bc5 16. Bxg4 Nxg4 17. Kg2 g6 18. Nh6+ Nxh6 19. Bxh6 Qf6 20. h4 Bd4 21. f3
b4 22. Ne2 Bxb2 23. Rab1 Be5 24. Rxb4 Ba6 25. Rd1 Qe7 26. Rb3 Bb5 27. Rbb1 Qa3
28. Nd4 Ba4 29. Nb3 c5 30. Rd2 Rac8 31. Qc4 Qb4 32. Rc1 Bxb3 33. axb3 a5 34.
Be3 Red8 35. Qxb4 cxb4 36. Rd5 Bc3 37. Rxa5 Ra8 38. Rxa8 Rxa8 39. Bh6 Ra2+ 40.
Kh3 Rb2 41. Rd1 f5 42. exf5 gxf5 43. g4 fxg4+ 44. Kxg4 Rxb3 45. Rd7 Rb1 46. Kf5
Rf1 47. Rd8+ Kf7 48. Rd7+ Ke8 49. Rd3 Ra1 50. Bg5 Ra8 51. Ke6 Rb8 52. Bc1 Rc8
53. Bd2 Bxd2 54. Rxd2 Rc4 55. h5 Rc6+ 1/2-1/2

[Event "European Youth Chess Championship B14"]
[Site "Prague, Top Hotel Prague"]
[Date "2016.08.22"]
[Round "5.3"]
[White "Engel, Luis"]
[Black "Henderson, De La Fuente Lance"]
[Result "1-0"]
[WhiteElo "2383"]
[BlackElo "2306"]
[PlyCount "89"]
[EventDate "2016.08.18"]

1. e4 c5 2. Nf3 Nc6 3. Bb5 g6 4. Bxc6 bxc6 5. O-O Bg7 6. Re1 Rb8 7. c3 Nf6 8.
d4 cxd4 9. e5 Nd5 10. c4 Nc7 11. Qxd4 a5 12. Nc3 O-O 13. Qh4 f6 14. exf6 exf6
15. b3 Ne6 16. Ba3 Re8 17. Rad1 Bb7 18. Bd6 Ra8 19. c5 f5 20. Qxd8 Raxd8 21.
Na4 Bf8 22. Bxf8 Kxf8 23. Ne5 Re7 24. Rd6 Ba6 25. Red1 Ke8 26. Nb6 Nxc5 27.
Nxc6 Nb7 28. Nxe7 Nxd6 29. Nxg6 hxg6 30. Rxd6 Ke7 31. Rxg6 d5 32. Rg7+ Ke6 33.
Ra7 Be2 34. f3 d4 35. Ra8 Rxa8 36. Nxa8 Kd5 37. Kf2 d3 38. Nb6+ Kc5 39. Nc4 a4
40. h4 Bd1 41. Nd2 axb3 42. Nxb3+ Kb4 43. Ke1 Bxb3 44. axb3 Kxb3 45. Kd2 1-0

[Event "European Youth Chess Championship B14"]
[Site "Prague, Top Hotel Prague"]
[Date "2016.08.22"]
[Round "5.4"]
[White "Pultorak, Jan"]
[Black "Kozak, Adam"]
[Result "1/2-1/2"]
[WhiteElo "2296"]
[BlackElo "2376"]
[PlyCount "70"]
[EventDate "2016.08.18"]

1. b3 Nf6 2. Bb2 d5 3. e3 c5 4. f4 g6 5. Bb5+ Bd7 6. Bxd7+ Nbxd7 7. Nf3 Bg7 8.
O-O O-O 9. Qe1 b5 10. Qh4 e6 11. d3 Ne8 12. Qxd8 Rxd8 13. Bxg7 Kxg7 14. a4 b4
15. Ne5 Nd6 16. Nd2 Nxe5 17. fxe5 Nf5 18. Rae1 h5 19. Rf2 Rd7 20. h3 Rc7 21. g4
hxg4 22. hxg4 Nh6 23. Rg2 g5 24. e4 Rd7 25. Rf1 f6 26. exf6+ Rxf6 27. Rxf6 Kxf6
28. Kf2 Nf7 29. Kg3 Ne5 30. Rf2+ Kg7 31. exd5 Rxd5 32. Ne4 Nc6 33. Nf6 Re5 34.
Nd7 Rd5 35. Nf6 Re5 1/2-1/2